| 000 | 00758nam a22002297a 4500 | ||
|---|---|---|---|
| 999 |
_c19972 _d19972 |
||
| 003 | AR-CdUCM | ||
| 008 | 190516b ||||| |||| 00| 0 spa d | ||
| 040 |
_aMUNICIPALIDAD PROVINCIAL DEL CUSCO _cBIBLIOTECA MUNICIPAL DEL CUSCO |
||
| 082 |
_a327.85 / _bW16 |
||
| 100 |
_aWagner De Reyna, Alberto _91273 |
||
| 245 | _aHistoria diplomatica del Peru 1900 - 1945 / | ||
| 260 |
_aLima : _bPeruanas, _c1964. |
||
| 300 |
_a212 páginas ; _c25 cm. |
||
| 440 |
_aAcademia diplomatica del Peru _939997 |
||
| 505 | _aContenido : 1900 - 1910 -- Ecuador -- Colombia -- Bolivia... | ||
| 650 |
_aHistoria del Peru _9259 |
||
| 650 |
_aEcuador _910121 |
||
| 650 |
_aColombia _9140 |
||
| 650 |
_a1920 - 1930 _941790 |
||
| 942 |
_2ddc _cLIBROS |
||
| 945 |
_aJavier _d2019-05-24 |
||